| 000 | 00391nam a2200157Ia 4500 | ||
|---|---|---|---|
| 008 | 230524s9999 xx 000 0 und d | ||
| 082 |
_a621.3 _bDOR |
||
| 100 | _aRichard C.Dorf | ||
| 245 | 4 | _aThe Electrical Engineering Hand books | |
| 250 | _a2ND | ||
| 260 |
_aCALIFORNIA _bCRC Press _c1997 |
||
| 300 | _aXII;2683 | ||
| 500 | _aQuantity Number: 1 | ||
| 650 | _aElectrical | ||
| 942 | _cBK | ||
| 999 |
_c33553 _d33553 |
||